| Tag |
First Indicator |
Second Indicator |
Subfields |
| LEADER |
00000cam a22000007 4500 |
| 001 |
in00000016949 |
| 005 |
20151007053336.0 |
| 008 |
781005s1908 mau 00010 eng d |
| 035 |
|
|
|a (OCoLC)04266793
|
| 035 |
|
|
|9 AAB1289AM
|
| 040 |
|
|
|a OKD
|c OKD
|d m.c.
|d m/c
|d TXA
|d UtOrBLW
|
| 049 |
|
|
|a TXAM
|c [A11049462]
|
| 050 |
|
4 |
|a PR2821.A2
|b H87 1908
|
| 100 |
1 |
|
|a Shakespeare, William,
|d 1564-1616.
|
| 245 |
1 |
0 |
|a Shakespeare's King Richard the third /
|c with introd. and notes explanatory and critical by Henry Norman Hudson.
|
| 264 |
|
1 |
|a Boston :
|b Ginn and company,
|c [1908]
|
| 264 |
|
4 |
|c ©1908
|
| 300 |
|
|
|a 219 pages
|
| 336 |
|
|
|a text
|b txt
|2 rdacontent
|
| 337 |
|
|
|a unmediated
|b n
|2 rdamedia
|
| 338 |
|
|
|a volume
|b nc
|2 rdacarrier
|
| 490 |
0 |
|
|a Standard English classics
|
| 600 |
0 |
0 |
|a Richard
|b III,
|c King of England,
|d 1452-1485
|x Drama.
|
| 700 |
1 |
|
|a Hudson, Henry Norman,
|d 1814-1886,
|e editor.
|
| 740 |
0 |
|
|a King Richard the third.
|
| 999 |
|
|
|a MARS
|
| 999 |
f |
f |
|s 2bc218fd-7707-388b-99c9-48f03b90f90d
|i 7b5c8af1-108a-3686-ab61-875db27ba75f
|t 0
|
| 952 |
f |
f |
|p normal
|a Texas A&M University
|b College Station
|c Sterling C. Evans Library
|d Evans: Library Stacks
|t 0
|e PR2821.A2 H87 1908
|h Library of Congress classification
|i unmediated -- volume
|m A14811049462
|
| 998 |
f |
f |
|a PR2821.A2 H87 1908
|t 0
|l Evans: Library Stacks
|